000 00877nam a2200241 a 4500
001 000032149
005 20200930063454.0
008 110713s1985 dr ac 000 | spa d
040 _aDO-SdBNP
_bspa
_cBNPHU
082 _a299.675
_bM665v
100 1 _aMiniño Marión-Landais, Manuel Marino
_937374
245 1 0 _aEs el Vudú religión? :
_bel vudú dominicano /
_cManuel Marino Miniño Marión-Landais.
260 _aSanto Domingo :
_bLibros y Textos,
_c1985.
300 _a84 p. :
_bil., retrs. ;
_c16 cm.
490 1 _aAntología de nuestra voz
_v20
650 4 _aVudú
_zRepública Dominicana
_910916
650 4 _aBrujería
_910917
650 4 _aMagia
_zRepública Dominicana
_91918
651 4 _aRepública Dominicana
_xVida Religiosa Y Costumbres
_96935
830 0 _aAntología de nuestra voz
_v20
_923130
910 _aValidado. Control de calidad BNPHU
049 _aBNPD
999 _c31640
_d31640